| 000 | 00358pab a2200133 454500 | ||
|---|---|---|---|
| 008 | 180718b xxu||||| |||| 00| 0 eng d | ||
| 100 | _aSharma K.K. | ||
| 245 | _aFinances for panchayati raj | ||
| 362 | _a13 Sep 93, p.6 | ||
| 650 | _a Panchayati Raj -- India | ||
| 650 | _aVillage Panchayats -- Finance -- India | ||
| 773 | _aFinancial Express | ||
| 909 | _a25265 | ||
| 999 |
_c25265 _d25265 |
||